[Event "Universiad Men 27th"]
[Site "Kazan"]
[Date "2013.07.15"]
[Round "9"]
[White "Rajapaksha, RMCM"]
[Black "Abasov, Nijat Azad"]
[Result "0-1"]
[WhiteElo "2075"]
[BlackElo "2498"]
[PlyCount "74"]
[EventDate "2013.07.09"]
[EventType "swiss"]
[EventRounds "9"]
[EventCountry "RUS"]
[SourceTitle "CBM 155 Extra"]
[Source "ChessBase"]
[SourceDate "2013.08.26"]
[SourceVersion "1"]
[SourceVersionDate "2013.08.26"]
[SourceQuality "1"]

1. d4 Nf6 2. c4 e6 3. Nf3 Bb4+ 4. Bd2 Qe7 5. Nc3 b6 6. g3 Bb7 7. Bg2 0-0 8. 0-0 d6 9. Qc2 Bxc3 10. Bxc3 Be4 11. Qd2 a5 12. c5 Nc6 13. Rac1 Nd5 14. Ne1 Bxg2 15. Kxg2 dxc5 16. dxc5 bxc5 17. e4 Ndb4 18. a3 Rfd8 19. Qe3 Na2 20. Rc2 e5 21. Nd3 c4 22. Nc1 Nxc3 23. Rxc3 Rd4 24. Ne2 Rb8 25. Rc2 Rd3 26. Qc1 Qf6 27. Rxc4 Qf3+ 28. Kg1 Nd8 29. Re1 Ne6 30. Kf1 Qh1+ 31. Ng1 Nd4 32. Re3 Nb3 33. Rxd3 Nxc1 34. Rxc1 Qxe4 35. Rd2 g6 36. Re2 Qd3 37. Rc3 Qb1+ 0-1

[Event "Universiad Men 27th"]
[Site "Kazan"]
[Date "2013.07.14"]
[Round "7"]
[White "Rajapaksha, RMCM"]
[Black "Martins, Vinicius Tine"]
[Result "1-0"]
[WhiteElo "2075"]
[BlackElo "2391"]
[PlyCount "239"]
[EventDate "2013.07.09"]
[EventType "swiss"]
[EventRounds "9"]
[EventCountry "RUS"]
[SourceTitle "EXT 2014"]
[Source "ChessBase"]
[SourceDate "2013.11.20"]
[SourceVersion "1"]
[SourceVersionDate "2013.11.20"]
[SourceQuality "1"]

1. d4 Nf6 2. c4 e6 3. Nf3 d5 4. Bg5 h6 5. Bh4 Nbd7 6. cxd5 exd5 7. Nc3 Bb4 8. e3 0-0 9. Bd3 c5 10. 0-0 Qa5 11. Ne2 c4 12. Bc2 Re8 13. Bxf6 Nxf6 14. Ne5 Nd7 15. Nf3 Bd6 16. Ng3 Nf6 17. Nd2 b5 18. Re1 Qb6 19. Nf5 Bxf5 20. Bxf5 a5 21. Qf3 b4 22. Rac1 Ra7 23. g4 Bb8 24. Kg2 Qd6 25. Rh1 g6 26. Bb1 Qe6 27. h3 Rae7 28. Rhe1 Qd6 29. Rh1 Kg7 30. Kf1 Re6 31. h4 h5 32. gxh5 Nxh5 33. Qg4 Rf6 34. Nf3 Ng3+ 35. Kg2 Nxh1 36. Rxh1 Qe6 37. Qg5 Kf8 38. h5 gxh5 39. Rxh5 Ke7 40. Ne5 Kd6 41. Ng4 Rg6 42. Bxg6 fxg6 43. Rh6 Rg8 44. Rh7 Rf8 45. f3 Kc6 46. Rg7 Rg8 47. Rxg8 Qxg8 48. Qe7 Bd6 49. Qa7 Qd8 50. Qa6+ Qb6 51. Qc8+ Qc7 52. Qe8+ Kb7 53. Qxg6 c3 54. bxc3 bxc3 55. Qc2 Qc4 56. Nf2 Kb6 57. Nd3 Ka7 58. a4 Bb4 59. Nf4 Bd6 60. Ne2 Bb4 61. Nf4 Bd6 62. Ne2 Kb8 63. Kf2 Bb4 64. Nf4 Bd6 65. Ne2 Bb4 66. Nf4 Qc6 67. Ke2 Ka7 68. Qh7+ Ka6 69. Qc2 Qd7 70. Kf2 Kb7 71. Ke2 Ka7 72. Kf2 Kb7 73. Ke2 Ka7 74. Kf2 Qc6 75. Ng2 Qh6 76. Qf5 Qc6 77. Qc2 Qd7 78. Nf4 Qc6 79. Ng2 Kb8 80. Ke2 Qc4+ 81. Kf2 Be7 82. Kg3 Qb4 83. Ne1 Qd6+ 84. f4 Qc6 85. Nf3 Bb4 86. Ne5 Qe8 87. Qh7 Bd6 88. Nd7+ Kc8 89. Nb6+ Kb8 90. Nxd5 Qxa4 91. Nxc3 Qa3 92. Qd3 Bb4 93. Qb5+ Kc8 94. Nd5 Qc1 95. Qe8+ Kb7 96. Qb5+ Kc8 97. Qe8+ Kb7 98. Qd7+ Kb8 99. Qd8+ Kb7 100. Qb6+ Kc8 101. Qe6+ Kb8 102. Nxb4 Qe1+ 103. Kf3 axb4 104. f5 Qd1+ 105. Ke4 Qc2+ 106. Ke5 b3 107. f6 b2 108. f7 Qh2+ 109. Kd5 Qg2+ 110. e4 Qg7 111. Qe8+ Ka7 112. Qa4+ Kb7 113. Qb4+ Ka7 114. Qa3+ Kb7 115. Qxb2+ Kc7 116. Qc3+ Kd8 117. Qa5+ Kd7 118. Qa7+ Kd8 119. Qb8+ Kd7 120. Qd6+ 1-0

[Event "Universiad Men 27th"]
[Site "Kazan"]
[Date "2013.07.12"]
[Round "5"]
[White "Rajapaksha, RMCM"]
[Black "Abrantes, Persson"]
[Result "1-0"]
[WhiteElo "2075"]
[BlackElo "2017"]
[PlyCount "43"]
[EventDate "2013.07.09"]
[EventType "swiss"]
[EventRounds "9"]
[EventCountry "RUS"]
[SourceTitle "EXT 2014"]
[Source "ChessBase"]
[SourceDate "2013.11.20"]
[SourceVersion "1"]
[SourceVersionDate "2013.11.20"]
[SourceQuality "1"]

1. d4 d5 2. c4 c6 3. Nf3 Nf6 4. Nc3 dxc4 5. a4 Qa5 6. Bd2 Qb6 7. Qc2 Na6 8. e4 Bg4 9. a5 Qd8 10. Be3 Bxf3 11. gxf3 Nb4 12. Qd2 Nd3+ 13. Bxd3 cxd3 14. Qxd3 e5 15. a6 b5 16. Rd1 exd4 17. Bxd4 Be7 18. Rg1 0-0 19. Qe3 Qc7 20. Qg5 Ne8 21. Qxg7+ Nxg7 22. Rxg7+ 1-0

[Event "Universiad Men 27th"]
[Site "Kazan"]
[Date "2013.07.10"]
[Round "3"]
[White "Rajapaksha, RMCM"]
[Black "Tologontegin, Semetey"]
[Result "0-1"]
[WhiteElo "2075"]
[BlackElo "2370"]
[PlyCount "102"]
[EventDate "2013.07.09"]
[EventType "swiss"]
[EventRounds "9"]
[EventCountry "RUS"]
[SourceTitle "EXT 2014"]
[Source "ChessBase"]
[SourceDate "2013.11.20"]
[SourceVersion "1"]
[SourceVersionDate "2013.11.20"]
[SourceQuality "1"]

1. d4 d6 2. Nf3 g6 3. g3 Bg7 4. Bg2 Nd7 5. c4 Ngf6 6. Nc3 c5 7. d5 Nb6 8. Qd3 Bg4 9. h3 Bxf3 10. exf3 0-0 11. 0-0 Nfd7 12. f4 Rb8 13. b3 Na8 14. Bb2 Nc7 15. a4 a6 16. a5 b5 17. axb6 Rxb6 18. Ra3 Qa8 19. Ba1 Rfb8 20. Ne4 Bxa1 21. Rfxa1 Qb7 22. Nd2 Ne8 23. Re1 Ndf6 24. Qe3 Ng7 25. g4 Kf8 26. Qc3 Qd7 27. Rea1 Qc8 28. Re1 h5 29. f3 Qb7 30. Raa1 Qd7 31. Re3 Ng8 32. Bf1 Qd8 33. Rae1 R8b7 34. Bd3 Nf6 35. Bc2 Kg8 36. Ne4 Nh7 37. Ng3 Nf6 38. Ne4 Nxe4 39. fxe4 e6 40. e5 hxg4 41. hxg4 dxe5 42. Rxe5 Qh4 43. Bd1 Rd7 44. Kg2 Qf6 45. Kg3 exd5 46. cxd5 Rxd5 47. Qa5 Rbd6 48. Bc2 Ne6 49. R5e4 Nxf4 50. Rxf4 Rd3+ 51. Bxd3 Rxd3+ 0-1

[Event "Asia-chT 15th"]
[Site "Vishakapatnam"]
[Date "2008.01.05"]
[Round "3"]
[White "Mahjoob, Morteza"]
[Black "Rajapaksha, RMCM"]
[Result "1-0"]
[WhiteElo "2504"]
[BlackElo "1964"]
[PlyCount "73"]
[EventDate "2008.01.03"]
[EventType "team-tourn"]
[EventRounds "7"]
[EventCountry "IND"]
[SourceTitle "EXT 2020"]
[Source "ChessBase"]
[SourceDate "2019.10.17"]
[SourceVersion "1"]
[SourceVersionDate "2019.10.17"]
[SourceQuality "1"]
[WhiteTeam "Iran"]
[BlackTeam "Sri Lanka"]
[WhiteTeamCountry "IRI"]
[BlackTeamCountry "SRI"]

1. Nf3 Nf6 2. c4 e6 3. d4 b6 4. g3 Ba6 5. Qa4 Bb7 6. Bg2 c5 7. dxc5 Bxc5 8. 0-0 0-0 9. Nc3 Na6 10. a3 Be7 11. b4 Rc8 12. Bb2 Qc7 13. Rac1 Rfd8 14. Nb5 Qb8 15. Rfd1 d5 16. Ne5 h6 17. h3 Qa8 18. Nd4 Nb8 19. cxd5 Nxd5 20. Qb3 Bf6 21. Rxc8 Rxc8 22. Ng4 Bg5 23. h4 Be7 24. Nxe6 fxe6 25. e4 h5 26. Ne5 Nc7 27. Ng6 Kf7 28. Nxe7 Kxe7 29. Qe3 Ne8 30. Qg5+ Kf8 31. Qg6 Bc6 32. Qxe6 Qb7 33. Rd3 Nd7 34. b5 Nc5 35. bxc6 Qxc6 36. Rf3+ Nf6 37. Qxc6 1-0

[Event "Asia-chT 15th"]
[Site "Vishakapatnam"]
[Date "2008.01.04"]
[Round "2"]
[White "Ganguly, Surya Shekhar"]
[Black "Rajapaksha, RMCM"]
[Result "1-0"]
[WhiteElo "2579"]
[BlackElo "1964"]
[PlyCount "71"]
[EventDate "2008.01.03"]
[EventType "team-tourn"]
[EventRounds "7"]
[EventCountry "IND"]
[SourceTitle "EXT 2020"]
[Source "ChessBase"]
[SourceDate "2019.10.17"]
[SourceVersion "1"]
[SourceVersionDate "2019.10.17"]
[SourceQuality "1"]
[WhiteTeam "India"]
[BlackTeam "Sri Lanka"]
[WhiteTeamCountry "IND"]
[BlackTeamCountry "SRI"]

1. e4 c5 2. Nf3 d6 3. d4 cxd4 4. Nxd4 Nf6 5. Nc3 a6 6. Be2 e5 7. Nb3 Be7 8. Bg5 Nc6 9. Qd3 Be6 10. Bxf6 Bxf6 11. 0-0-0 Nd4 12. Nxd4 exd4 13. Nd5 Bxd5 14. exd5 0-0 15. Qf3 Re8 16. Bd3 Re5 17. Kb1 Qa5 18. g4 Qxd5 19. Qxd5 Rxd5 20. f4 g5 21. Rdf1 Rc5 22. fxg5 Bg7 23. h4 Re8 24. a3 b5 25. Ka2 Rce5 26. Rf5 Re1 27. Rxe1 Rxe1 28. a4 Re5 29. axb5 axb5 30. Bxb5 h5 31. Rxe5 dxe5 32. gxh5 f5 33. Bc4+ Kh8 34. Be6 f4 35. Bd5 Bf8 36. Kb3 1-0

[Event "World ol U16 06th"]
[Site "Singapore"]
[Date "2007.08.08"]
[Round "7"]
[White "Khandelwal, Ankush"]
[Black "Rajapaksha, RMCM"]
[Result "1/2-1/2"]
[WhiteElo "2119"]
[BlackElo "2148"]
[PlyCount "52"]
[EventDate "2007.08.05"]
[EventType "team-swiss"]
[EventRounds "10"]
[EventCountry "SIN"]
[SourceTitle "EXT 2008"]
[Source "ChessBase"]
[SourceDate "2007.11.25"]
[SourceVersion "1"]
[SourceVersionDate "2007.11.25"]
[SourceQuality "1"]

1. f4 Nf6 2. Nf3 b6 3. d3 d5 4. e3 Bb7 5. Be2 g6 6. 0-0 Bg7 7. Qe1 c5 8. Nbd2 Nc6 9. Ne5 0-0 10. Ndf3 Nd7 11. Qg3 Qc7 12. Nxd7 Qxd7 13. h4 Rae8 14. h5 e5 15. f5 Qxf5 16. Ng5 Qd7 17. hxg6 fxg6 18. Bd2 Bc8 19. c3 e4 20. dxe4 h6 21. Rxf8+ Rxf8 22. exd5 hxg5 23. dxc6 Qxd2 24. Bc4+ Kh7 25. Qh2+ Bh6 26. Qc7+ Bg7 1/2-1/2

[Event "World ol U16 06th"]
[Site "Singapore"]
[Date "2007.08.06"]
[Round "3"]
[White "Rajapaksha, RMCM"]
[Black "So, Wesley"]
[Result "0-1"]
[WhiteElo "2148"]
[BlackElo "2516"]
[PlyCount "100"]
[EventDate "2007.08.05"]
[EventType "team-swiss"]
[EventRounds "10"]
[EventCountry "SIN"]
[SourceTitle "EXT 2008"]
[Source "ChessBase"]
[SourceDate "2007.11.25"]
[SourceVersion "1"]
[SourceVersionDate "2007.11.25"]
[SourceQuality "1"]

1. d4 Nf6 2. c4 e6 3. Nf3 b6 4. a3 Bb7 5. Nc3 d5 6. cxd5 Nxd5 7. Qc2 Nxc3 8. bxc3 Nd7 9. e4 c5 10. Bd3 Qc7 11. Bg5 h6 12. Bh4 cxd4 13. cxd4 Qxc2 14. Bxc2 Rc8 15. Ba4 Bd6 16. 0-0 Bxe4 17. Rac1 Rb8 18. Ne5 Bxe5 19. dxe5 g5 20. Rc7 b5 21. Bxb5 Rxb5 22. Rc8+ Ke7 23. Rxh8 gxh4 24. f4 Rb2 25. Rf2 Rb3 26. Rxh6 Rxa3 27. Rxh4 Ra1+ 28. Rf1 Rxf1+ 29. Kxf1 a5 30. Ke2 a4 31. Rh3 Bxg2 32. Rc3 Bd5 33. h4 Kf8 34. Kd2 Nb6 35. Kc1 Kg7 36. Kb2 Bb3 37. Rg3+ Kh7 38. Rd3 Nd5 39. Rd4 Kg6 40. Ka3 Kh5 41. Kb2 Kxh4 42. f5+ Kg5 43. fxe6 fxe6 44. Rd2 Kf5 45. Re2 Nf4 46. Re3 Ng6 47. Kc3 Nxe5 48. Kd4 Ng4 49. Rf3+ Kg5 50. Rf8 a3 0-1

[Event "Asia-ch U20"]
[Site "New Delhi"]
[Date "2006.11.13"]
[Round "8.19"]
[White "Hemant, Sharma"]
[Black "Rajapaksha, RMCM"]
[Result "1-0"]
[WhiteElo "2071"]
[BlackElo "2136"]
[PlyCount "50"]
[EventDate "2006.11.07"]
[EventType "swiss"]
[EventRounds "9"]
[EventCountry "IND"]
[SourceTitle "CBM 115 Extra"]
[Source "ChessBase"]
[SourceDate "2007.01.10"]
[SourceVersion "1"]
[SourceVersionDate "2007.01.10"]
[SourceQuality "1"]

1. e4 c5 2. Nc3 d6 3. g3 e5 4. Bg2 g6 5. d3 Bg7 6. Nge2 Ne7 7. 0-0 0-0 8. f4 Nbc6 9. Be3 Nd4 10. Qd2 Rb8 11. Nd1 Ne6 12. f5 gxf5 13. exf5 Nxf5 14. Rxf5 Nf4 15. Rxf4 exf4 16. Nxf4 Bg4 17. Nf2 Bf5 18. Rf1 Re8 19. Ne4 Bxe4 20. Bxe4 Re5 21. Nd5 Qd7 22. Qf2 Qe6 23. Bf5 Qe8 24. d4 Rxe3 25. Nxe3 Bxd4 1-0